000 00545nam a2200193Ia 4500
003 OSt
005 20240628105917.0
008 210210b1980 xxu||||| |||| 00| 0 eng d
040 _aAL
_c
041 _aKannada
082 _aK894.3 GUDB
100 _aGUDIBANDEYA PURNIMA
_927873
_d ಗುಡಿಬಂಡೆಯ ಪೂರ್ಣಿಮಾ
245 _aBandhamukta
_b ಬಂಧಮುಕ್ತ
260 _aGudibande
_bVivekodaya Granthamale
_c1980
300 _axv,126
690 _aKannada Fiction
_927874
906 _a035131
942 _2ddc
_cBK
999 _c86022
_d86022